000 00263nam a2200109Ia 4500
008 200302s9999 xx 000 0 und d
100 _aJasmin Y U
245 _aMuseum desplay design
260 _bDesign Media Publishing (UK) Ltd.,
260 _c2010
300 _a269
999 _c7403
_d7403